Principles of electronics materials and devices
שמור ב:
| מחבר ראשי: | |
|---|---|
| פורמט: | ספר |
| שפה: | Undetermined |
| יצא לאור: |
Boston, MA.
McGraw-Hill
2002
|
| נושאים: | |
| תגים: |
הוספת תג
אין תגיות, היה/י הראשונ/ה לתייג את הרשומה!
|
| Thư viện lưu trữ: | Trung tâm Học liệu Trường Đại học Cần Thơ |
|---|
| LEADER | 00543nam a2200193Ia 4500 | ||
|---|---|---|---|
| 001 | CTU_54749 | ||
| 008 | 210402s9999 xx 000 0 und d | ||
| 020 | |b 380000 | ||
| 082 | |a 621.3 | ||
| 082 | |b K19 | ||
| 100 | |a S. O. Kasap | ||
| 245 | 0 | |a Principles of electronics materials and devices | |
| 245 | 0 | |c S. O. Kasap | |
| 260 | |a Boston, MA. | ||
| 260 | |b McGraw-Hill | ||
| 260 | |c 2002 | ||
| 650 | |a electric engineering,electric apparatus and appliances | ||
| 650 | |x materials | ||
| 980 | |a Trung tâm Học liệu Trường Đại học Cần Thơ | ||